Torschützenliste der Fußball-Bundesliga 2022-2023 - Statistiken

Allgemein
  • Dieses Quiz wurde 184 mal gespielt
  • Das Durchschnittsergebnis liegt bei 9 aus 10
Antwortstatistiken
Tore Nationalität Verein Spieler % Korrekt
16 Deutschland Werder Bremen Niclas Füllkrug
97%
14 Deutschland FC Bayern München Serge Gnabry
92%
12 Kroatien TSG 1899 Hoffenheim Andrej Kramarić
91%
16 Frankreich RB Leipzig Christopher Nkunku
91%
15 Italien SC Freiburg Vincenzo Grifo
91%
13 Frankreich Borussia Mönchengladbach Marcus Thuram
85%
12 Deutschland Werder Bremen Marvin Ducksch
85%
15 Frankreich Eintracht Fráncfort Randal Kolo Muani
85%
12 Deutschland FC Bayern München Jamal Musiala
83%
12 Deutschland Borussia Mönchengladbach Jonas Hofmann
66%
Keine übereinstimmenden Quizze gefunden
Verteilung der Resultate
Anzahl Personen mit jedem Resultat
Perzentil nach korrekt beantworteten Fragen
Ihre Resultats-Entwicklung
Sie haben dieses Quiz noch nicht gespielt